Statistics for Movie Character by Picture

Click here to take the quiz!

General Stats

  • This quiz has been taken 86 times
  • The average score is 9 of 16

Answer Stats

Answer% Correct
Joker
91%
Dory
90%
Buzz Lightyear
85%
Cinderella
84%
Mary Poppins
84%
Hermione Granger
76%
Forrest Gump
75%
Hannibal Lecter
64%
Katniss Everdeen
64%
Jack Skellington
45%
Jacob Black
41%
Elle Woods
31%
Regina George
30%
Jack Torrance
29%
Lloyd Christmas
21%
John Bender
13%

Score Distribution

Percentile by Number Answered

Percent of People with Each Score

Your Score History

You have not taken this quiz